Consilium pietatis de non sequendis errantibus sed corrigentibus (Record no. 153445)
[ view plain ]
| 000 -LEADER | |
|---|---|
| campo de control de longitud fija | 01159nam a22002295i 4500 |
| 001 - NÚMERO DE CONTROL | |
| campo de control | 153445 |
| 003 - IDENTIFICADOR DE NÚMERO DE CONTROL | |
| campo de control | ES-MaACL |
| 005 - FECHA Y HORA DE LA ÚLTIMA TRANSACCIÓN | |
| campo de control | 20230906205228.0 |
| 008 - DATOS DE LONGITUD FIJA--INFORMACIÓN GENERAL | |
| campo de control de longitud fija | 980825s1720 it |||| | lat d |
| 040 ## - FUENTE DE CATALOGACIÓN | |
| Centro catalogador/agencia de origen | AR |
| Lengua de catalogación | spa |
| Centro/agencia transcriptor | AR |
| 100 1# - ENTRADA PRINCIPAL--NOMBRE DE PERSONA | |
| Nombre de persona | Desirant, Bernard |
| Títulos y otros términos asociados al nombre | (O.E.S.A.) |
| 9 (RLIN) | 222039 |
| 245 10 - MENCIÓN DEL TÍTULO | |
| Título | Consilium pietatis de non sequendis errantibus sed corrigentibus |
| Resto del título | : juxta retractationes primae obedientiae Concilii Constantiensis ejusdemque Concilii historia restaurata / |
| Mención de responsabilidad, etc. | per P.M.F. Bernardum Desirant Ord. Erem. S.P. Augustini ... ; tomus secundus. |
| 260 ## - PUBLICACIÓN, DISTRIBUCIÓN, ETC. | |
| Lugar de publicación, distribución, etc. | Romae : |
| Nombre del editor, distribuidor, etc. | apud Jo. Mariam Salvioni ..., |
| Fecha de publicación, distribución, etc. | 1720. |
| 300 ## - DESCRIPCIÓN FÍSICA | |
| Extensión | IV [i.e. VI], [2] en bl., 227 p., [1] en bl. ; |
| Dimensiones | 4º. |
| 597 ## - NOTA DE DESCRIPCIÓN FÍSICA | |
| NOTA DE DESCRIPCIÓN FÍSICA | Sign.: a\p4\s, A-Z\p4\s, 2A-2D\p4\s, 2E\p6\s. |
| 597 ## - NOTA DE DESCRIPCIÓN FÍSICA | |
| NOTA DE DESCRIPCIÓN FÍSICA | Errores tip. en la paginación, IV en vez de VI, en cuaderno 2D p. 114-115 en vez de 214-215 y en cuaderno 2E p. 121-124 en vez de 221-224, p. 252 en vez de 225. |
| 597 ## - NOTA DE DESCRIPCIÓN FÍSICA | |
| NOTA DE DESCRIPCIÓN FÍSICA | Port. a dos tintas con esc. grab. calc., con los atributos papales. |
| 700 1# - ENTRADA AGREGADA--NOMBRE PERSONAL | |
| Nombre de persona | Salvioni, Giovanni Maria, |
| Término indicativo de función/relación | |
| 9 (RLIN) | 132355 |
| 752 ## - ENTRADA AGREGADA--NOMBRE JERÁRQUICO DEL LUGAR | |
| País o entidad superior | Italia - |
| Ciudad | Roma |
| 852 ## - LOCALIZACIÓN | |
| Ubicación | ES-MaACL |
| Número de control de estantería | R-3367(2) |
| Nota libre | -- Enc. perg. |
| Estatus retirado | Estado de pérdida | Estado de daño | No para préstamo | Colección | Biblioteca de origen | Biblioteca actual | Ubicación en estantería | Fecha de adquisición | Fuente de adquisición | Total de préstamos | Signatura topográfica completa | Código de barras | Visto por última vez | Precio de reemplazo | Tipo de ítem Koha |
|---|---|---|---|---|---|---|---|---|---|---|---|---|---|---|---|
| Libros del s. XVIII | Biblioteca del Ateneo de Madrid | Biblioteca del Ateneo de Madrid | Depósito | 17/01/2008 | R-3367(2) | 1160369 | 23/02/2023 | 23/02/2023 | Libro impreso antiguo |
